000 00977nam a2200289 i 4500
003 EG-GICUC
005 20260415231638.0
008 260406s1921 fr |||fr|||| 00| 0 fre d
040 _aEG-GiCUC
_bfre
_cEG-GiCUC
_dEG-GiCUC
_eRda
082 0 4 _221
_a343.7662
_bVI . C
092 0 4 _221
099 _aLaw1 10 343.7662 VI . C 1921
100 1 _aVidal, Georges
_eAuteur
245 1 0 _aCours De Droit Criminel Et De Science Pénitentiaire.
_nDuxième Fascicule /
_cPar Georges Vidal.
250 _aSixième Édition
264 1 _aParis :
_bLibrairie Arthur Rousstat Rousseau Et Cir,
_c1921.
300 _a1133 page;
_c 24 cm.
336 _2rda contenu
_a texte
337 _2rda medias
_aOrdinateur
338 _2 transporteur rda
_a Ressource en ligne
650 1 _aSystèmes Pénitentiaires
_2qrmak
650 1 _aDroit De Panél
_2qrmak
651 1 _2qrmak
856 4 0 _uhttps://fll.law.cu.edu.eg/fulltext/bks/B10-09033.pdf
905 _a54
_eYara
942 _2ddc
_cBK
_e21
_n0
999 _c69268
_d69268